Assessment of thermal sensation of residents in the Southern Great Plain, Hungary

Elmentve itt :
Bibliográfiai részletek
Szerzők: Kovács Attila
Kántor Noémi
Égerházi Lilla Andrea
Testületi szerző: Air and Water Components of the Environment
Dokumentumtípus: Könyv része
Megjelent: Babes-Bolyai University 2014
mtmt:2558650
Online Access:http://publicatio.bibl.u-szeged.hu/6069
LEADER 00889naa a2200205 i 4500
001 publ6069
005 20180809100123.0
008 160127s2014 hu o 1|| zxx d
024 7 |a 2558650  |2 mtmt 
040 |a SZTE Publicatio Repozitórium  |b hun 
041 |a zxx 
100 1 |a Kovács Attila 
245 1 0 |a Assessment of thermal sensation of residents in the Southern Great Plain, Hungary  |h [elektronikus dokumentum] /  |c  Kovács Attila 
260 |a Babes-Bolyai University  |c 2014 
300 |a 354-361 
700 0 1 |a Kántor Noémi  |e aut 
700 0 1 |a Égerházi Lilla Andrea  |e aut 
711 |a Air and Water Components of the Environment  |c Cluj-Napoca  |d 2014.03.21-2014.03.22 
856 4 0 |u http://publicatio.bibl.u-szeged.hu/6069/1/2014_Air_and_water_Kovacs_Kantor_Egerhazi_u.pdf  |z Dokumentum-elérés  
856 4 0 |u http://publicatio.bibl.u-szeged.hu/6069/7/Air%20and%20Water_cimlap.pdf  |z Dokumentum-elérés